000 00740nam a22001935i 4500
001 172734
003 ES-MaACL
005 20230906215024.0
008 090907s2006 ck |||| | spa d
080 _a343.4(861)
080 _a323.26/28(861)
110 2 _aFundación de Derechos Humanos "Joel Sierra"
_9141236
245 1 0 _aInforme de derechos humanos
_b: Arauca 2004, 1er. semestre de 2006 /
_cFundación Comité Regional de Derechos Humanos "Joel Sierra".
260 _a[Arauca] :
_bFundación de Derechos Humanos "Joel Sierra,
_c[2006]
300 _a100 p. :
_bil. ;
_c25 cm.
650 1 4 _aDerechos humanos-
_zColombia.
_9141237
650 4 _aViolencia política-
_zColombia.
_9141238
852 _aES-MaACL
_j2298-F-15
_9.- R.145199
999 _c172734
_d172734